000 00681nam a2200181Ia 4500
008 100921s9999 xx 000 0 und d
082 _b22487
_a891.462041 थ 62
100 _aभट गोविंद केशव.
245 _aभास-तीन एकांकिका.
260 _bमहाराष्ट्र प्रकाशन गृह, कोल्हापूर.
_c1962
300 _a88
_b---
365 _b5
520 _aललित-एकांकिका.
630 _aभास-तीन एकांकिका.
650 _aललित-एकांकिका.
730 _aभास-तीन एकांकिका.
942 _cBOOK
999 _c771600
_d771597